banner-ar

MICROCONTROLLERS: ARCHITECTURE, IMPLEMENTATION AND PROGRAMMING / (Record no. 21036)

MARC details
000 -الفاتح
حقل البيانات ثابتة الطول 00518nam a2200181Ia 4500
008 - عناصر البيانات ثابتة الطول - معلومات عامة
حقل البيانات ثابتة الطول 140319s9999 xx 000 0 eng d
040 ## - مصدر الفهرسة
وكالة الفهرسة الأصلية GCL /
وكالة النسخ GCL
082 04 - رقم تصنيف ديوى العشرى
رقم التصنيف 629.8951
رقم المادة H M
100 1# - المدخل الرئيسى - إسم شخصى
الإسم الشخصى HINTZ, KENNETG J.
245 10 - بيان العنوان
العنوان MICROCONTROLLERS: ARCHITECTURE, IMPLEMENTATION AND PROGRAMMING /
بيان المسئوليه,etc HINTZ, KENNETG J.
700 1# - المدخل الاضافى - اسم شخصى
الإسم الشخصى TABAK, DANIEL
260 ## - PUBLICATION, DISTRIBUTION, ETC. (IMPRINT)
تاريخ النشر أو التوزيع 1992
300 ## - الوصف المادى
التعداد 483 P
650 04 - المدخل الاضافى بالموضوع-مصطلح موضوعى
مصطلح موضوعي PROGRAMMABLE CONTROLLERS
650 04 - المدخل الاضافى بالموضوع-مصطلح موضوعى
مصطلح موضوعي MICRO PROCESSORS
942 ## - عناصر المدخل الإضافي( كوها)
مصدر التصنيف او مخطط الترفيف Dewey Decimal Classification
Koha [default] item type كتاب
260 ## - PUBLICATION, DISTRIBUTION, ETC. (IMPRINT)
-- [S.N] :
-- MC GRAW - HILL ،
Holdings
حالة التراجع حالة الفقد حالة تلف ليس للاعارة المكان المؤقت الموقع الحالى تاريخ الاكتساب اجمالي اﻻعارات رقم الطلب الباركود تاريخ اخر مشاهدة تاريخ تفعيل السعر نوع وعاء كوها
        مكتبة القاهرة الكبرى مكتبة القاهرة الكبرى 03/26/2014   629.8951\H M 39084 03/26/2014 03/26/2014 كتاب

Powered By

EGPV